00476nam a2200157Ia 4500100001600000650002700016942000700043654001500050245004000065260003200105082001000137300000800147546001200155999001700167952013400184 aKennedy/ G  aElectrical Engineering cBK aElectronic aElectronic And Communication System bMcGraw HillaNew Yorkc1985 a621.3 a741 aENGLISH c30408d30408 001040708AFTaCRCEbCRCEc1488 | 23d2023-03-17eCR STORESg120.00i60l0o621.3 pAFT4802r2023-03-17v120.00w2023-03-17yBK